• 首页
  • 本馆介绍
  • 公告通知
  • 最新文献
  • 馆藏检索
  • 电子资源
  • 读者导购
  • 参考咨询
  • 我的图书馆
  • 登录
  • 详细信息显示
  • 放入我的书架
  • 预约/预借图书
  • 作者相关作品
  • 分类相关作品
  • 丛书相关作品
  • 出版社相关作品

书目信息

  • 表格格式
  • 工作单格式
  • 卡片格式
题名:
修辞新格
    
 
作者: 谭永祥 著
分册:  
出版信息: 广州   暨南大学出版社  1996
页数: 293页
开本: 20cm
丛书名:
单 册:
中图分类: H15
科图分类: 41.237
主题词: 汉语-修辞 , 修辞-汉语
电子资源:
ISBN: 7-81029-543-8
000 00633nam0 2200241 45
001 0197009319
005 20070730084039.59
010    @a7-81029-543-8@b精装@dCNY25.00
100    @a19970408d1996 em y0chiy0121 ea
101 0  @achi
102    @aCN@b440000
105    @ay z 000yy
200 10 @a修辞新格@Axiu ci xin ge@e增订本@f谭永祥著
210    @a广州@c暨南大学出版社@d1996
215    @a293页@d20cm
314    @a谭永祥,安徽师大语言研究所任教
606    @a汉语-修辞
606    @a修辞-汉语
690    @aH15@v3
692    @a41.237
701  0 @a谭永祥@Atan yong xiang@4著
801  0 @aCN@bTSSF@c20070730
905    @a10447@dH15@e430
    
    修辞新格:增订本/谭永祥著.-广州:暨南大学出版社,1996
    293页;20cm
    
    
    ISBN 7-81029-543-8(精装):CNY25.00
    
●
相关链接 在E读中查询图书 在五车中查询图书 在当当中查询图书 在豆瓣中查询图书


正题名:修辞新格     索取号:H15/430         预约/预借

序号 登录号 条形码 馆藏地/架位号 状态 备注
1 0784159   207841594   第二样本阅览室/ [索取号:H15/430] 在馆    
2 0784160   207841601   第四借阅区/ [索取号:H15/430] 在馆    
3 0784161   207841610   第四借阅区/ [索取号:H15/430] 在馆    
4 0784162   207841629   第四借阅区/ [索取号:H15/430] 在馆    
5 0784937   207849373   第四借阅区/ [索取号:H15/430] 在馆    
唐山师范学院图书馆 欢迎您!
大连网信软件有限公司© 版权所有